000 00883nam a2200229 a 4500
001 55302
003 BD-RjUL
005 20211209080239.0
008 161116s1925 enkb ab 001 0 eng
035 _a(BD-RjUL)55424
040 _aDLC
_cDLC
_beng
_dBD-RjUL
041 _aeng
082 _223
_a954
_bALM 1925
100 1 _aAli, Abdullah Yusuf,
_d1872-1952.
_9164765
245 1 4 _aThe making of India :
_ba brief history of the different elements, geographical, ethnical, material, moral, and political, that went to the building up of the Indian people with an account of the foundation, consolidation, and progress of British rule in India /
_c A. Yusuf Ali.
260 _aLondon :
_bA. & C. Black ,Ltd.,
_c1925.
300 _axvi, 318 p. :
_c21 cm.
_b
500 _aIncludes index.
651 0 _aIndia
_xHistory.
_9164766
942 _2ddc
_cBK
999 _c55302
_d55302